000 00292nam a2200109Ia 4500
001 1275945
005 20260417160437.0
008 260417s9999 xx 000 0 und d
020 _a9786256495838
245 0 _aRobotlar Gerçekten Akıllı Mıdır?
_cFederico Taddia
260 _bKetebe Çocuk
999 _c1275945
_d1275945